| 000 | 01173nam a22003137a 4500 | ||
|---|---|---|---|
| 003 | CHAP | ||
| 005 | 20220329143353.0 | ||
| 008 | 111025s2006 mx a r 00010 spa d | ||
| 010 | _a95634 | ||
| 011 | _a96606 | ||
| 035 | _a107260 | ||
| 040 | _cCHAP | ||
| 090 | _aFolleto 18102 | ||
| 110 | 1 |
_aUACH. Centro de Investigaciones Económicas, Sociales y Tecnológicas de la Agroindustria y de la Agricultura Mundial _9115830 |
|
| 245 | 1 | 0 |
_aCatálogo de publicaciones del CIESTAAM _c/ por Universidad Autónoma Chapingo |
| 260 |
_aChapingo, Méx. _bUACH. CIESTAAM, _c2006 |
||
| 300 |
_a42 p. _bilus. |
||
| 590 |
_aBATCH-UPD _b10 _c20130110 _lUCH01 _h1320 |
||
| 590 |
_aBATCH-UPD _b10 _c20130410 _lUCH01 _h0830 |
||
| 590 |
_aBATCH-UPD _b10 _c20130914 _lUCH01 _h1724 |
||
| 590 |
_aCONVERSION _b10 _c20130109 _lUCH01 _h1353 |
||
| 650 | 1 | 4 |
_aLibros _xCatálogos colectivos. _966657 |
| 650 | 1 | 4 |
_aPublicaciones oficiales. _992709 |
| 901 | _aBK | ||
| 942 | _cFOLL | ||
| 949 |
_aFolleto 18102 _bBC _cFOLL _d33724002310248 _eTS2 _fc.3 _i107260 _sb |
||
| 949 |
_aFolleto 18102 _bBC _cFOLL _d33724002310322 _eTS2 _fc.2 _i107260 _sb |
||
| 949 |
_aFolleto 18102 _bBC _cUACH _d33724002310280 _eTS1 _i107260 _sb |
||
| 999 |
_c95634 _d95634 |
||